日本の中央区にある駅 - Statistics

General Stats
  • This quiz has been taken 93 times
  • The average score is 53 of 145
Answer Stats
所在地 路線 駅名 % Correct
東京都 地下鉄 日本橋
80%
大阪市 地下鉄 日本橋
80%
東京都 地下鉄 銀座
77%
千葉市 JR等 千葉
73%
東京都 地下鉄 京橋
72%
東京都 JR等 八丁堀
72%
東京都 JR 新日本橋
71%
札幌市 地下鉄 さっぽろ
69%
東京都 JR 馬喰町
69%
東京都 地下鉄 銀座一丁目
68%
東京都 地下鉄 築地
68%
東京都 地下鉄 東銀座
68%
東京都 地下鉄 三越前
68%
千葉市 JR等 千葉みなと
67%
浜松市 JR 浜松
67%
新潟市 JR 新潟
65%
札幌市 地下鉄 大通
64%
千葉市 私鉄 京成千葉
64%
千葉市 JR 西千葉
64%
東京都 地下鉄 宝町
63%
東京都 地下鉄 人形町
63%
千葉市 JR 東千葉
61%
東京都 地下鉄 新富町
61%
東京都 地下鉄 馬喰横山
61%
神戸市 JR 神戸
61%
千葉市 JR 本千葉
60%
東京都 地下鉄 東日本橋
60%
東京都 地下鉄 月島
59%
東京都 地下鉄 茅場町
57%
東京都 地下鉄 水天宮前
57%
東京都 地下鉄 築地市場
56%
相模原市 JR 相模原
56%
神戸市 JR 三ノ宮
56%
千葉市 JR 蘇我
55%
千葉市 モノレール 県庁前
53%
千葉市 私鉄 千葉中央
53%
東京都 地下鉄 勝どき
53%
神戸市 地下鉄 県庁前
53%
神戸市 地下鉄等 三宮
53%
札幌市 JR 桑園
52%
浜松市 私鉄 新浜松
52%
神戸市 JR等 新神戸
52%
札幌市 地下鉄 すすきの
51%
福岡市 地下鉄 天神
49%
さいたま市 JR 南与野
48%
神戸市 私鉄 神戸三宮
48%
東京都 地下鉄 小伝馬町
47%
大阪市 地下鉄 本町
47%
さいたま市 JR 北与野
45%
さいたま市 JR 与野本町
45%
神戸市 JR等 元町
45%
大阪市 地下鉄 心斎橋
44%
東京都 地下鉄 浜町
41%
大阪市 私鉄 大阪難波
41%
大阪市 私鉄 難波
41%
大阪市 私鉄等 淀屋橋
41%
神戸市 地下鉄 三宮・花時計前
41%
福岡市 私鉄 西鉄福岡(天神)
41%
札幌市 JR 苗穂
40%
大阪市 私鉄等 北浜
40%
千葉市 私鉄 千葉寺
39%
新潟市 JR 白山
39%
浜松市 JR 舞阪
39%
神戸市 私鉄 高速神戸
39%
浜松市 JR 弁天島
37%
大阪市 地下鉄 堺筋本町
37%
札幌市 地下鉄 豊水すすきの
36%
浜松市 JR 天竜川
36%
大阪市 私鉄 近鉄日本橋
36%
神戸市 新交通 神戸空港
35%
千葉市 私鉄 新千葉
33%
相模原市 JR 淵野辺
33%
大阪市 私鉄等 天満橋
33%
札幌市 地下鉄 中島公園
32%
千葉市 モノレール 市役所前
32%
大阪市 JR 大阪城公園
32%
大阪市 JR等 森ノ宮
32%
福岡市 私鉄等 薬院
32%
大阪市 地下鉄 谷町四丁目
31%
相模原市 JR 上溝
29%
浜松市 JR 高塚
29%
大阪市 地下鉄 谷町六丁目
29%
大阪市 地下鉄 長堀橋
29%
神戸市 地下鉄 ハーバーランド
29%
熊本市 JR 水前寺
29%
神戸市 私鉄 春日野道
28%
神戸市 私鉄 西元町
28%
神戸市 私鉄 花隈
28%
福岡市 地下鉄 天神南
28%
熊本市 JR 新水前寺
28%
相模原市 JR 矢部
27%
大阪市 地下鉄 大阪ビジネスパーク
27%
千葉市 モノレール 葭川公園
25%
相模原市 JR 南橋本
25%
浜松市 私鉄 遠州病院
25%
千葉市 モノレール 千葉公園
24%
千葉市 私鉄 西登戸
24%
千葉市 JR 浜野
24%
神戸市 地下鉄 旧居留地・大丸前
24%
札幌市 地下鉄 バスセンター前
23%
浜松市 私鉄 第一通り
23%
大阪市 地下鉄 松屋町
21%
福岡市 地下鉄 大濠公園
21%
千葉市 モノレール 栄町
20%
神戸市 地下鉄 大倉山
20%
神戸市 新交通 計算科学センター
20%
神戸市 地下鉄 みなと元町
20%
熊本市 JR 南熊本
20%
札幌市 地下鉄 西11丁目
20%
札幌市 地下鉄 円山公園
19%
浜松市 私鉄 八幡
19%
福岡市 地下鉄 唐人町
19%
福岡市 私鉄 西鉄平尾
19%
相模原市 JR 番田
17%
神戸市 新交通 貿易センター
17%
熊本市 私鉄 藤崎宮前
17%
熊本市 JR 平成
17%
札幌市 地下鉄 西18丁目
17%
千葉市 私鉄 大森台
16%
神戸市 新交通 中公園
16%
神戸市 新交通 みなとじま
16%
神戸市 新交通 南公園
16%
新潟市 JR 関屋
15%
浜松市 私鉄 自動車学校前
15%
福岡市 地下鉄 赤坂
15%
札幌市 地下鉄 西28丁目
15%
札幌市 地下鉄 幌平橋
13%
浜松市 私鉄 さぎの宮
13%
神戸市 新交通 中埠頭
13%
浜松市 私鉄 助信
12%
神戸市 新交通 北埠頭
12%
神戸市 新交通 市民広場
12%
福岡市 地下鉄 渡辺通
12%
熊本市 私鉄 黒髪町
12%
浜松市 私鉄 曳馬
11%
神戸市 新交通 医療センター
11%
福岡市 地下鉄 薬院大通
11%
浜松市 私鉄 上島
9%
神戸市 新交通 ポートターミナル
9%
浜松市 私鉄 積志
8%
浜松市 私鉄 遠州西ヶ崎
7%
福岡市 地下鉄 桜坂
7%
福岡市 地下鉄 六本松
7%
浜松市 私鉄 西浜松
5%
熊本市 私鉄 坪井川公園
5%
No matching quizzes found
Score Distribution
Percent of People with Each Score
Percentile by Number Answered
Your Score History
You have not taken this quiz